Statistics for Who Did That Hip Hop Song #2

Click here to take the quiz!

General Stats

  • This quiz has been taken 36,078 times
    (12,142 since last reset)
  • The average score is 14 of 26

Answer Stats

YearSongMusical Act% Correct
2003In da Club50 Cent
92%
2005Gold DiggerKanye West
91%
2000StanEminem
88%
2004Drop It Like It's HotSnoop Dogg
87%
1995California LoveTupac Shakur
86%
2011Super BassNicki Minaj
73%
1997Mo Money Mo ProblemsNotorious B.I.G.
73%
1993It Was a Good DayIce Cube
70%
1990U Can't Touch ThisMC Hammer
70%
1993Nuthin' but a "G" ThangDr. Dre
66%
2008A MilliLil Wayne
62%
2015White IversonPost Malone
59%
2000Big Pimpin'Jay-Z
58%
2018I Like ItCardi B
54%
1999Rosa ParksOutkast
45%
1998Doo Wop (That Thing)Lauryn Hill
43%
1992Baby Got BackSir Mix-a-Lot
43%
1991Mama Said Knock You OutLL Cool J
42%
1989Fight the PowerPublic Enemy
37%
1992Jump AroundHouse of Pain
36%
1987Brass MonkeyBeastie Boys
35%
2006Ridin'Chamillionaire
34%
1989Just a FriendBiz Markie
24%
2000What's Your Fantasy?Ludacris
24%
1996Woo Hah!! Got You
All in Check
Busta Rhymes
21%
1989Funky Cold MedinaTone-Loc
16%

Score Distribution

Percentile by Number Answered

Percent of People with Each Score

Your Score History

You have not taken this quiz since the last reset